Derecho criminal : sustanciación de los procesos. Leyes, decretos y órdenes vigentes; Observación al Código, y exposición y explicación de casos prácticos dudosos /

Guardado en:
Autor Principal: Azcutia, D. Manuel L.
Formato: Libro
Idioma:Spanish
Publicado: Madrid : Rivadeneyra, 1862
Materias:
Etiquetas: Agregar Etiqueta
Sin Etiquetas, Sea el primero en etiquetar este registro!
LEADER 00541nam a22001335a 4500
001 DER.der009708
008 180615s1862####ag#||||||||||||||#||spa||
005 20260127130501.0
245 1 0 |a Derecho criminal :  |b sustanciación de los procesos. Leyes, decretos y órdenes vigentes; Observación al Código, y exposición y explicación de casos prácticos dudosos /  |c D. Manuel L. de Azcutia. 
260 |a Madrid :  |b Rivadeneyra,  |c 1862 
300 |a 374 p. 
100 1 |a Azcutia, D. Manuel L. 
650 7 |a CRIMINOLOGÍA 
859 |a DERECHO  |b BIB. DERECHO  |h 364  |i AZC  |p 006328